| 000 | 00787cam a2200289ui 4500 | ||
|---|---|---|---|
| 999 |
_c8594 _d8594 |
||
| 001 | 547602 | ||
| 003 | OSt | ||
| 005 | 20191105152035.0 | ||
| 008 | 020815s2000 ii a 001 0 eng d | ||
| 020 | _a8172144768 | ||
| 035 | _a(OCoLC)ocn936548615 | ||
| 035 | _a547602 | ||
| 040 |
_aPTS _beng _erda _cPTS |
||
| 090 |
_aBT77 _b.T455 2000 |
||
| 100 | 1 |
_aThomas, Owen C., _d1922- |
|
| 245 | 1 | 0 |
_aIntroduction to theology / _cOwen C. Thomas. |
| 264 | 1 |
_aDelhi : _bISPCK, _c2000. |
|
| 300 |
_a304 pages ; _c22 cm |
||
| 336 |
_atext _btxt _2rdacontent |
||
| 337 |
_aunmediated _bn _2rdamedia |
||
| 338 |
_avolume _bnc _2rdacarrier |
||
| 500 | _aIncludes index. | ||
| 504 | _aBibliography: pages [293]-298. | ||
| 650 | 0 | _aTheology, Doctrinal. | |
| 942 |
_2ddc _cBK |
||
| 945 | _aMARCIVE20181205 | ||